Brawl Stars: Kenji Skins by Picture - Statistics

General Stats
  • This quiz has been taken 24 times
    5 since last reset
  • The average score is 9 of 10
Answer Stats
Picture Answer % Correct
Fruit Samurai Kenji
100%
Hebi Kenji
100%
Manga Kenji
100%
True Gold Kenji
100%
True Silver Kenji
100%
Aodaisho Kenji
75%
Cursed Kenji
75%
Kizu Kenji
75%
Oni Kenji
75%
Mamushi Kenji
50%
No matching quizzes found
Score Distribution
Percent of People with Each Score
Percentile by Number Answered
Your Score History
You have not taken this quiz since the last reset